| 000 | 008080000a22001810004500 | ||
|---|---|---|---|
| 003 | LK-CoMWRAF | ||
| 005 | 20240118141335.0 | ||
| 008 | 230817t ||||| |||| 00| 0 eng d | ||
| 040 |
_aLK-CoMWRAF _dLK-CoMWRAF _eLK-CoMWRAF |
||
| 041 | _asin | ||
| 082 |
_a954.93 _bANE |
||
| 245 | _aඅම්පාර දිස්ත්රික්කයේ මුස්ලිම්වරුන්ගේ ඓතිහාසික මෙහෙවර හා උරුමය | ||
| 246 | _aAmpara Disthrikkaye Muslimwarunge Aithihasika Mehewara ha Urumaya | ||
| 260 |
_aකොළඹ : _bමුස්ලිම් ආගමික හා සංස්කෘතික දෙපාර්තමේන්තුව, _c1997 |
||
| 300 | _aපි.130 | ||
| 700 |
_aඇනීස්, එම්. එස්. එම්. _eed. |
||
| 942 | _cBK | ||
| 999 |
_c1417 _d1417 |
||